[Event "AUTO-ADV-4556"]
[Site "http://www.queenalice.com/game.php?id=1774047"]
[Date "2021.11.4"]
[Round "1"]
[White "Daniel1962"]
[Black "jambalaya"]
[Result "1-0"]
[WhiteElo "1613"]
[BlackElo "1796"]

1. e4 d6 2. d4 g6 3. Bc4 a6 4. Qf3 e6 5. d5 e5 6. Nc3 Bg7 7. Nh3 b5 8. Bd3 Nd7
9. Ng5 Nh6 10. Be3 Nf6 11. Qg3 Nfg4 12. O-O-O Nxe3 13. Qxe3 Ng4 14. Qd2 Bh6 15.
h4 Qe7 16. f3 Bxg5 17. hxg5 Nf2 18. Qxf2 Qxg5+ 19. Kb1 Bd7 20. Ne2 O-O-O 21. Qa7
Be8 22. Qxa6+ Kb8 23. Bxb5 Bxb5 24. Qxb5+ Kc8 25. Nc3 Qe7 26. Qa6+ Kd7 27. Nb5
Ke8 28. Qc6+ Qd7 29. Nxc7+ Kf8 30. Qxd7 Rxd7 31. Nb5 Kg7 32. g3 Rb8 33. c4 h5
34. Rdg1 Rh8 35. Rh3 Kf6 36. g4 h4 37. g5+ Kg7 38. Rf1 Rh5 39. f4 exf4 40. Rxf4
Kg8 41. Rhxh4 Rxh4 42. Rxh4 Kg7 43. Nd4 Re7 44. Nc6 Re8 45. b4 1-0

[Event "AUTO-ADV-4556"]
[Site "http://www.queenalice.com/game.php?id=1774048"]
[Date "2021.11.4"]
[Round "1"]
[White "jambalaya"]
[Black "Daniel1962"]
[Result "1-0"]
[WhiteElo "1779"]
[BlackElo "1659"]

1. Nf3 d5 2. e3 c5 3. b3 Nc6 4. Bb2 d4 5. e4 Nf6 6. d3 Be6 7. g3 Bg4 8. Nbd2
Bxf3 9. Nxf3 e6 10. Bg2 h6 11. O-O Ng4 12. h3 Nge5 13. a3 b5 14. Nxe5 Nxe5 15.
f4 Nc6 16. e5 Qc8 17. c4 bxc4 18. bxc4 Be7 19. Qf3 Qb7 20. Qxc6+ Qxc6 21. Bxc6+
Kd8 22. Bxa8 Kd7 23. Be4 f5 24. Bf3 Rb8 25. Rfb1 g5 26. Bc1 Rg8 27. Rb7+ Ke8 28.
Rb8+ Kf7 29. Rxg8 Kxg8 30. Rb1 gxf4 31. gxf4 a5 32. a4 Kg7 33. Rb7 Kf8 34. Bd2
Bd8 35. Rb8 Ke7 36. Rxd8 Kxd8 37. Bxa5+ Kd7 38. Bb6 h5 39. a5 Kc8 40. a6 1-0

[Event "AUTO-ADV-4556"]
[Site "http://www.queenalice.com/game.php?id=1774059"]
[Date "2021.11.4"]
[Round "1"]
[White "Nigel68"]
[Black "jambalaya"]
[Result "1-0"]
[WhiteElo "1846"]
[BlackElo "1790"]

1. e4 Nf6 2. Nc3 d5 3. e5 Nfd7 4. d4 e6 5. Nf3 a6 6. Qd3 c5 7. b3 cxd4 8. Qxd4
Nc6 9. Qf4 h6 10. a3 Qc7 11. Bd3 Nb6 12. O-O Qe7 13. Be3 Bd7 14. Bxb6 g6 15. a4
Bg7 16. Na2 O-O 17. Rfe1 Nb4 18. Nxb4 Rfc8 19. Na2 a5 20. c4 Bc6 21. Nc3 Qb4 22.
Qd4 Ra6 23. Bc5 Qxb3 24. Reb1 dxc4 25. Rxb3 cxd3 26. Qxd3 Bd5 27. Nxd5 exd5 28.
Qxd5 Rac6 29. Ba3 Bf8 30. Bb2 Bb4 31. h3 Re6 32. Qxb7 Rce8 33. Rd3 Bf8 34. Rad1
R8e7 35. Qc8 Re8 36. Rd8 1-0

[Event "AUTO-ADV-4556"]
[Site "http://www.queenalice.com/game.php?id=1774060"]
[Date "2021.11.4"]
[Round "1"]
[White "jambalaya"]
[Black "Nigel68"]
[Result "1-0"]
[WhiteElo "1776"]
[BlackElo "1866"]

1. Nf3 b6 2. e4 d6 3. d4 c6 4. Bg5 Qc7 5. b3 e6 6. Bd3 h6 7. Bh4 g5 8. Bg3 g4 9.
Nh4 h5 10. O-O Be7 11. Nd2 a6 12. Nc4 Bd7 13. f4 Nh6 14. Ne3 a5 15. f5 Na6 16.
fxe6 Bxe6 17. a3 b5 18. Nef5 O-O-O 19. Nxe7+ Qxe7 20. Qd2 Qc7 21. Rf6 Ng8 22.
Rf4 Nh6 23. c4 bxc4 24. bxc4 a4 25. Rb1 Nb8 26. d5 cxd5 27. cxd5 Bd7 28. Rc1 Nc6
29. Ba6+ Kb8 30. dxc6 Bxc6 31. Bf2 Qd7 32. Qb4+ Ka8 33. Nf5 Qc7 34. Qxa4 Bxa4
35. Rxc7 Rb8 36. Ra7# 1-0

[Event "AUTO-ADV-4556"]
[Site "http://www.queenalice.com/game.php?id=1774065"]
[Date "2021.11.4"]
[Round "1"]
[White "PaulMSains"]
[Black "jambalaya"]
[Result "1-0"]
[WhiteElo "1972"]
[BlackElo "1747"]

1. e4 Nf6 2. Nc3 d5 3. exd5 Nxd5 4. Nxd5 Qxd5 5. Nf3 Nc6 6. Be2 g6 7. O-O Bg7 8.
c3 O-O 9. d4 Qd8 10. Be3 Bf5 11. h3 Be6 12. Qd2 Bd5 13. c4 Bxf3 14. Bxf3 Rb8 15.
b3 e6 16. Rad1 Qe7 17. d5 Ne5 18. Be2 Qe8 19. Bf4 Rc8 20. Rfe1 Nd7 21. dxe6 Nc5
22. exf7+ Qxf7 23. Bg3 Ne6 24. Bg4 Rcd8 25. Bxe6 Rxd2 26. Bxf7+ 1-0

[Event "AUTO-ADV-4556"]
[Site "http://www.queenalice.com/game.php?id=1774066"]
[Date "2021.11.4"]
[Round "1"]
[White "jambalaya"]
[Black "PaulMSains"]
[Result "1/2-1/2"]
[WhiteElo "1771"]
[BlackElo "1867"]

1. Nf3 Nf6 2. b3 g6 3. g3 Bg7 4. Bb2 O-O 5. c4 c5 6. Bg2 Nc6 7. O-O d6 8. d3 Be6
9. a3 Qd7 10. e4 Nh5 11. Bxg7 Nxg7 12. Nc3 Bg4 13. Ne2 Ne5 14. Nxe5 dxe5 15. Qc2
Ne6 16. f3 Nd4 17. Nxd4 Qxd4+ 18. Kh1 Be6 19. Rad1 f5 20. Qf2 Qxf2 21. Rxf2 Rad8
22. Rfd2 Rd4 23. Bf1 f4 24. g4 b5 25. Kg2 Rf7 26. h3 h6 27. Kh2 a6 28. Kg2 bxc4
29. dxc4 Rg7 30. Rxd4 exd4 31. Bd3 g5 32. a4 a5 33. Rb1 Rh7 34. Rh1 Bd7 1/2-1/2

[Event "AUTO-ADV-4559"]
[Site "http://www.queenalice.com/game.php?id=1774782"]
[Date "2021.11.14"]
[Round "1"]
[White "akleetch"]
[Black "jambalaya"]
[Result "0-1"]
[WhiteElo "1861"]
[BlackElo "1759"]

1. e4 c5 2. Bc4 Nc6 3. a3 a6 4. Nf3 d6 5. h3 Nh6 6. d3 g6 7. O-O Bg7 8. c3 e6 9.
Bg5 f6 10. Bh4 O-O 11. Nbd2 b5 12. Bb3 Nf7 13. Qe2 Ne7 14. Rad1 g5 15. Bg3 Ng6
0-1

[Event "AUTO-ADV-4559"]
[Site "http://www.queenalice.com/game.php?id=1774783"]
[Date "2021.11.14"]
[Round "1"]
[White "jambalaya"]
[Black "akleetch"]
[Result "1-0"]
[WhiteElo "1742"]
[BlackElo "1771"]

1. Na3 e5 2. Nc4 d5 3. Nxe5 Bd6 4. d4 Bf5 5. Nd3 Ne7 6. Ne5 O-O 7. Ngf3 f6 8.
Nd3 Nbc6 9. c3 Re8 10. g3 h6 11. Bg2 Na5 12. b3 b6 13. O-O c5 14. Nf4 b5 15. Be3
c4 16. b4 Nac6 17. Nh4 Bh7 18. Ne6 Qd7 19. Bh3 f5 20. Nc5 Bxc5 21. bxc5 b4 22.
Qd2 a5 23. Nf3 Ng6 24. Rab1 Rab8 25. Qc2 Rf8 26. Rb3 cxb3 27. axb3 Nge7 28. Ne5
Nxe5 29. dxe5 Qc6 30. f4 Rbe8 31. Rd1 bxc3 32. Qxc3 Ra8 33. Bg2 a4 34. b4 a3 35.
Bd4 Ra7 36. Qb3 Kh8 37. Ba1 g5 38. e6+ Kg8 39. Qc3 1-0

[Event "AUTO-ADV-4570"]
[Site "http://www.queenalice.com/game.php?id=1777657"]
[Date "2021.12.19"]
[Round "1"]
[White "SGF"]
[Black "jambalaya"]
[Result "1-0"]
[WhiteElo "1785"]
[BlackElo "1759"]

1. e4 Nf6 2. Qf3 e5 3. d3 d6 4. Be2 Bg4 5. Qg3 Bxe2 6. Nxe2 Nc6 7. c3 Ne7 8. h4
Qd7 9. Bg5 Nh5 10. Qf3 g6 11. Ng3 Nxg3 12. Qxg3 h5 13. Bf6 Rg8 14. f3 O-O-O 15.
Nd2 Bg7 16. Bxg7 Rxg7 17. Qg5 Ng8 18. Nc4 Ne7 19. Qh6 Rdg8 20. O-O-O f6 21. b4
Nc6 22. a4 Rh7 23. Qe3 f5 24. b5 Nb8 25. Qxa7 c5 26. Nb6+ Kc7 27. Nxd7 Nxd7 28.
a5 Rhh8 29. b6+ 1-0

[Event "AUTO-ADV-4570"]
[Site "http://www.queenalice.com/game.php?id=1777658"]
[Date "2021.12.19"]
[Round "1"]
[White "jambalaya"]
[Black "SGF"]
[Result "0-1"]
[WhiteElo "1744"]
[BlackElo "1800"]

1. g3 e5 2. d3 Qf6 3. Bg2 Bc5 4. e3 d6 5. a3 h5 6. h3 g5 7. Ne2 Nc6 8. Nd2 g4 9.
h4 a5 10. O-O a4 11. Ne4 Qe6 12. Ng5 Qe7 13. d4 exd4 14. Bxc6+ bxc6 15. exd4 Bb6
16. c3 f6 17. Nf4 Qd7 18. Re1+ Ne7 19. Ng6 Rg8 20. Rxe7+ Qxe7 21. Nxe7 Kxe7 22.
Ne4 f5 23. Ng5 Kf6 24. Be3 d5 25. Kh2 Ra5 26. b4 axb3 27. Qxb3 Rb5 28. Qc2 Bd7
29. Bd2 c5 0-1

[Event "AUTO-ADV-4570"]
[Site "http://www.queenalice.com/game.php?id=1777679"]
[Date "2021.12.19"]
[Round "1"]
[White "Fredo"]
[Black "jambalaya"]
[Result "1-0"]
[WhiteElo "2002"]
[BlackElo "1688"]

1. e4 Nf6 2. d4 Nc6 3. e5 Nd5 4. Nc3 Nb6 5. f4 d6 6. Nf3 dxe5 7. fxe5 Bg4 8. Be3
Bxf3 9. gxf3 e6 10. Qd2 Bb4 11. O-O-O Nd5 12. Bc4 Nce7 13. Rhg1 Bxc3 14. bxc3
Nxe3 15. Qxe3 Nd5 16. Bxd5 Qxd5 17. Kb1 Rg8 18. Rge1 1-0

[Event "AUTO-ADV-4570"]
[Site "http://www.queenalice.com/game.php?id=1777680"]
[Date "2021.12.19"]
[Round "1"]
[White "jambalaya"]
[Black "Fredo"]
[Result "0-1"]
[WhiteElo "1685"]
[BlackElo "2005"]

1. g3 Nf6 2. d3 g6 3. Bg2 Bg7 4. e4 d6 5. Nf3 O-O 6. O-O Nc6 7. c3 e6 8. Bg5 Bd7
9. h3 h6 10. Be3 Ne7 11. Nbd2 d5 12. e5 Nh7 13. g4 b6 14. d4 a5 15. Nh2 Rc8 16.
c4 c6 17. b3 c5 18. Re1 f5 0-1